00371nam a2200133Ia 450000500170000000800410001704100120005808200150007010000090008524500570009426000410015150000140019265000310020620240913125434.0240913s9999||||xx |||||||||||||| ||und||  aENGLISH  A621.382 P4  aNICE 0aRecent trends in Communication Techniques Natcon `06  c2006bNoorul Islam College of Engine  aREFERENCE  aCommunicationbElectronics